|
|
|
|
| LEADER |
00570cam a2200181 7i4500 |
| 001 |
0000029852 |
| 005 |
20131206090000.0 |
| 020 |
0 |
0 |
|a 9789679366044
|
| 090 |
0 |
0 |
|a P 634.77209595
|b COL
|
| 245 |
0 |
0 |
|a Collection of bananas in Malaysia.
|
| 260 |
0 |
0 |
|a Serdang, Selangor:
|b MARDI,
|c 2012.
|
| 300 |
# |
# |
|a 81 p.
|
| 650 |
0 |
0 |
|a Bananas --
|z Malaysia
|
| 650 |
0 |
0 |
|a Bananas --
|x Varieties --
|z Malaysia
|
| 651 |
0 |
0 |
|a Malaysia
|
| 700 |
0 |
0 |
|a Suhana Omar
|
| 710 |
2 |
0 |
|a Institut Penyelidikan dan Kemajuan Pertanian Malaysia (MARDI)
|
| 999 |
|
|
|a B000033115
|b Book
|c Malaysia
|e Business Information Centre
|